000 01038cam a2200325 a 4500
001 3938
003 FISKH
005 20250602095625.0
008 090915r20092008paua j 001 0 eng
010 _a 2009038505
020 _a9781422215227
020 _a9781848102347
040 _aDLC
_cDLC
_dDLC
_beng
050 0 0 _aQL737.P9
_bD43 2009
082 0 0 _a599.8
_222
100 1 _aDe la Bédoyère, Camilla.
245 1 0 _aMonkeys & apes /
_cCamilla de la Bedoyere.
246 3 _aMonkeys and apes
260 _aBroomall :
_bMason Crest Publishers,
_c2009.
300 _a48 pages :
_bcolor illustrations ;
_c30 cm
490 0 _a100 things you should know about
500 _aOriginally published: United Kingdom : Mason Crest Publishers, 2008.
500 _aIncludes index.
520 _aExplores the world of primates, our closest cousins.
650 0 _aMonkeys
_vJuvenile literature.
650 0 _aApes
_vJuvenile literature.
906 _a7
_bcbc
_corignew
_d1
_eecip
_f20
_gy-gencatlg
942 _2ddc
_cBK
_n0
999 _c3938
_d3938